<?xml version="1.0" encoding="UTF-8" ?>
<collection xmlns="http://www.loc.gov/MARC21/slim"><record><leader>01342nam a2200301 c 4500</leader><controlfield tag="001">44345</controlfield><controlfield tag="003">CH-000273-5</controlfield><controlfield tag="005">20210208160623.0</controlfield><datafield tag="035" ind1=" " ind2=" "><subfield code="a">(OCoLC)1252814019</subfield></datafield><datafield tag="040" ind1=" " ind2=" "><subfield code="a">CH-000273-5</subfield><subfield code="b">ger</subfield><subfield code="e">rda</subfield></datafield><datafield tag="041" ind1=" " ind2=" "><subfield code="a">ger</subfield></datafield><datafield tag="100" ind1="1" ind2="0"><subfield code="a">Katsushika, Hokusai</subfield><subfield code="d">1760-1849</subfield><subfield code="e">Künstler</subfield><subfield code="4">art</subfield></datafield><datafield tag="245" ind1="0" ind2="0"><subfield code="a">Katsushika Hokusai - 1760 - 1849</subfield><subfield code="b">Ausstellung 4. Juli - 2. September 1945</subfield><subfield code="c">Kunsthaus Zürich ; ausführliches Verzeichnis mit Einführung von W. Boller</subfield></datafield><datafield tag="250" ind1=" " ind2=" "><subfield code="a">[Ausgabe mit Abbildungen]</subfield></datafield><datafield tag="264" ind1="0" ind2="1"><subfield code="a">[Zürich]</subfield><subfield code="b">[Kunsthaus Zürich]</subfield><subfield code="c">[1945]</subfield></datafield><datafield tag="300" ind1=" " ind2=" "><subfield code="a">54 Seiten, 24 Tafeln</subfield><subfield code="b">Illustrationen, schwarz-weiss</subfield><subfield code="c">20,3 cm</subfield></datafield><datafield tag="336" ind1=" " ind2=" "><subfield code="a">Text</subfield><subfield code="b">txt</subfield><subfield code="2">rdacontent</subfield></datafield><datafield tag="336" ind1=" " ind2=" "><subfield code="a">unbewegtes Bild</subfield><subfield code="b">sti</subfield><subfield code="2">rdacontent</subfield></datafield><datafield tag="337" ind1=" " ind2=" "><subfield code="a">ohne Hilfsmittel zu benutzen</subfield><subfield code="b">n</subfield><subfield code="2">rdamedia</subfield></datafield><datafield tag="338" ind1=" " ind2=" "><subfield code="a">Band</subfield><subfield code="b">nc</subfield><subfield code="2">rdacarrier</subfield></datafield><datafield tag="600" ind1="1" ind2="7"><subfield code="a">Katsushika, Hokusai</subfield><subfield code="d">1760-1849</subfield><subfield code="x">Holzschnitt</subfield><subfield code="v">Ausstellung</subfield><subfield code="2">gnd</subfield></datafield><datafield tag="655" ind1="0" ind2="7"><subfield code="a">Ausstellungskatalog</subfield><subfield code="x">Kunsthaus Zürich</subfield><subfield code="y">04.07.1945-02.09.1945</subfield><subfield code="z">Zürich</subfield><subfield code="2">gnd-content</subfield></datafield><datafield tag="655" ind1="0" ind2="7"><subfield code="a">Bildband</subfield><subfield code="2">gnd-content</subfield></datafield><datafield tag="700" ind1="1" ind2="0"><subfield code="a">Tschichold, Jan</subfield><subfield code="d">1902-1974</subfield><subfield code="e">Sammler</subfield><subfield code="4">col</subfield></datafield><datafield tag="700" ind1="1" ind2="0"><subfield code="a">Boller, Willy</subfield><subfield code="e">Verfasser einer Einleitung</subfield><subfield code="4">win</subfield></datafield><datafield tag="710" ind1="2" ind2="0"><subfield code="a">Kunsthaus Zürich</subfield><subfield code="e">Veranstalter</subfield><subfield code="4">orm</subfield><subfield code="e">Herausgebendes Organ</subfield><subfield code="4">isb</subfield></datafield><datafield tag="852" ind1="4" ind2="0"><subfield code="a">CH-000273-5</subfield><subfield code="c">a3/Z 80:19450704</subfield></datafield><datafield tag="856" ind1="4" ind2="1"><subfield code="u">https://digital.kunsthaus.ch/viewer/image/44345/1/</subfield><subfield code="y">Kunsthaus Zürich Sammlungen online</subfield></datafield></record></collection>